El atarso cambiario en Argentina¿mito o realidad? (Registro nro. 15150)

Detalles MARC
000 -LEADER
fixed length control field 00365 a2200121 4500
001 - CONTROL NUMBER
control field ART_17849
005 - DATE AND TIME OF LATEST TRANSACTION
control field 20260410161701.0
008 - FIXED-LENGTH DATA ELEMENTS--GENERAL INFORMATION
fixed length control field 260409a
100 1# - MAIN ENTRY--PERSONAL NAME
Personal name Sjaastad, Larry A.
245 10 - TITLE STATEMENT
Title El atarso cambiario en Argentina¿mito o realidad?
700 1# - ADDED ENTRY--PERSONAL NAME
Personal name Rodríguez, Carlos A.
773 0# - HOST ITEM ENTRY
Title Ensayos Económicos
Related parts - Nº 13 (mar. 1980)
Record control number REV620

No hay ítems disponibles.